| 000 | 01178nam a2200229 a 4500 | ||
|---|---|---|---|
| 001 | 000229833 | ||
| 003 | AM-YeHGA | ||
| 005 | 20250618071548.0 | ||
| 008 | 030530s1995 ||| r 000 0 rus d | ||
| 040 | _aAM-YeHGA | ||
| 245 | 0 | 0 |
_aТбилисская коллекция персидских фирманов = _bThe Collection of Persian Farmans of Tbilisi / _cКутаис. гос. ун-т им. А. Церетели; Науч.-произв. об-ние "Мематиане" ; Центр. гос. ист. архив Грузии; Сост.: В. Путуридзе и др.; Пер. М.Тодуа; Ред. А.Д. Папазян. |
| 246 | 3 | 1 | _aThe Collection of Persian Farmans of Tbilisi |
| 260 |
_aКутаиси : _bБ. и. |
||
| 300 | _aт. | ||
| 505 | 1 | 0 | _gТ. 1 (1995, 1124 с. : ил.) |
| 650 | 1 | 4 |
_aШахские грамоты _zПерсия |
| 700 | 1 |
_aПутуридзе, В. _eсост. _4com |
|
| 700 | 1 |
_aТодуа, М. _eпер. _4trl |
|
| 700 | 1 |
_aՓափազյան, Հակոբ Դավթի, _d1919-1997 _eред. _4edt _91602 |
|
| 710 | 2 | _aКутаисский государственный университет им. А. Церетели | |
| 090 | _c82238 | ||
| 999 |
_c80970 _d80970 |
||